Shortest and Longest US State Names - Statistics

General Stats
  • This quiz has been taken 78 times
  • The average score is 8 of 12
Answer Stats
Length US State % Correct
4 Ohio
89%
4 Iowa
86%
13 Massachusetts
83%
5 Maine
79%
4 Utah
79%
13 North Carolina
78%
13 South Carolina
76%
5 Texas
63%
12 New Hampshire
60%
5 Idaho
49%
12 West Virginia
49%
12 Pennsylvania
40%
No matching quizzes found
Score Distribution
Percent of People with Each Score
Percentile by Number Answered
Your Score History
You have not taken this quiz